Library of the University of Algiers 3
Ibrahim Sultan Cheibout
شعار جامعة الجزائر 3
مكتبة جامعة الجزائر 3
إبراهيم سلطان شيبوط

المنظمات الدولية والإقليمية والمتخصصة : (رقم التسجيلة. 42526)

تفاصيل مارك
000 -LEADER
fixed length control field 01289nam a2200229Ia 4500
003 - CONTROL NUMBER IDENTIFIER
control field Ost
005 - DATE AND TIME OF LATEST TRANSACTION
control field 20260507075042.0
008 - FIXED-LENGTH DATA ELEMENTS--GENERAL INFORMATION
fixed length control field 260507s9999||||xx |||||||||||||| ||und||
020 ## - INTERNATIONAL STANDARD BOOK NUMBER
International Standard Book Number 9775723728
040 ## - CATALOGING SOURCE
Transcribing agency fsecg
041 ## - LANGUAGE CODE
Language code of text/sound track or separate title ara
082 ## - DEWEY DECIMAL CLASSIFICATION NUMBER
Classification number 330
100 ## - MAIN ENTRY--PERSONAL NAME
Personal name الشكري، علي يوسف
Relator term مؤلف
245 #0 - TITLE STATEMENT
Title المنظمات الدولية والإقليمية والمتخصصة :
Remainder of title دراسة في عصبة الأمم المتحدة والجامعة العربية ومنظمة الوحدة الإفريقية ومنظمة الصحة العالمية وجمعية الهلال الأحمر الليبي /
Statement of responsibility, etc. علي يوسف الشكري
260 ## - PUBLICATION, DISTRIBUTION, ETC.
Place of publication, distribution, etc. القاهرة:
Name of publisher, distributor, etc. ايتراك للنشر,
Date of publication, distribution, etc. 2003
300 ## - PHYSICAL DESCRIPTION
Extent 313 صفحة؛
Other physical details إيضاحات ؛
Dimensions 27 سم
520 ## - SUMMARY, ETC.
Summary, etc. نشأة المنظمات الدولية وشخصيتها القانونية، المنظمات الدولية(الأمم المتحدة)، المنظمات الإقليمية، المنظمات الدولية المتخصصة(منظمة الصحة العالمية)، المنظمات غير الحكومية
653 ## - INDEX TERM--UNCONTROLLED
Uncontrolled term المنظمات الاقليمية
653 ## - INDEX TERM--UNCONTROLLED
Uncontrolled term المنظمات الدولية
653 ## - INDEX TERM--UNCONTROLLED
Uncontrolled term المنظمات الدولية الاقليمية
942 ## - ADDED ENTRY ELEMENTS (KOHA)
Koha item type كتب
المقتنيات
Withdrawn status Lost status Source of classification or shelving scheme Damaged status Not for loan Home library Current library Date acquired Serial enumeration / chronology Inventory number Total checkouts Full call number Barcode Date last seen Price effective from Koha item type
    Dewey Decimal Classification   NOT LOAN / إعارة داخلية مكتبة كلية العلوم الإقتصادية والعلوم التجارية وعلوم التسيير مكتبة كلية العلوم الإقتصادية والعلوم التجارية وعلوم التسيير 07/05/2026 الطابق الثاني 375/1   أ/375ن1 375/1 07/05/2026 07/05/2026 كتب
    Dewey Decimal Classification   Available مكتبة كلية العلوم الإقتصادية والعلوم التجارية وعلوم التسيير مكتبة كلية العلوم الإقتصادية والعلوم التجارية وعلوم التسيير 07/05/2026 الطابق الأرضي 375/2   أ/375ن2 375/2 07/05/2026 07/05/2026 كتب
    Dewey Decimal Classification   Available مكتبة كلية العلوم الإقتصادية والعلوم التجارية وعلوم التسيير مكتبة كلية العلوم الإقتصادية والعلوم التجارية وعلوم التسيير 07/05/2026 الطابق الأرضي 375/3   أ/375ن3 375/3 07/05/2026 07/05/2026 كتب
    Dewey Decimal Classification   Available مكتبة كلية العلوم الإقتصادية والعلوم التجارية وعلوم التسيير مكتبة كلية العلوم الإقتصادية والعلوم التجارية وعلوم التسيير 07/05/2026 الطابق الثاني 375/4   أ/375ن4 375/4 07/05/2026 07/05/2026 كتب

موارد الويب المفتوحة


© University of Algiers 3 All Rights Reserved
|
Implemented by LECHELAH Riad